| 000 | 00355nam a22001577a 4500 | ||
|---|---|---|---|
| 005 | 20160701113822.0 | ||
| 008 | 160701b xxu||||| |||| 00| 0 eng d | ||
| 041 | _aeng | ||
| 082 | _b20325 | ||
| 100 |
_aVenugopal KR _92012 |
||
| 245 | _aprogramming with Pascal | ||
| 260 | _bTMH | ||
| 300 | _a505 | ||
| 650 |
_aInformation Technology _9137 |
||
| 942 | _cBK | ||
| 999 |
_c5051 _d5049 |
||